[Event "Fundacion Para Todos I IRT Clasico -ch"]
[Site "Maracaibo"]
[Date "2016.11.05"]
[Round "3.1"]
[White "Colmenares Olivares, Cesar Eduardo"]
[Black "Jaimes Gonzalez, Ludin Esteban"]
[Result "0-1"]
[WhiteElo "1753"]
[BlackElo "1361"]
[PlyCount "68"]
[EventDate "2016.11.05"]
[EventType "swiss"]
[EventRounds "5"]
[EventCountry "VEN"]
[SourceTitle "EXT 2022"]
[Source "ChessBase"]
[SourceDate "2021.10.06"]
[SourceVersion "1"]
[SourceVersionDate "2021.10.06"]
[SourceQuality "1"]

1. d4 Nf6 2. c4 g6 3. Nf3 Bg7 4. e3 0-0 5. Bd3 d6 6. Nc3 c6 7. 0-0 a6 8. b3 b5 9. Bb2 Bb7 10. Qc2 Nbd7 11. Rac1 Re8 12. Rfd1 Rc8 13. Qb1 e5 14. cxb5 cxb5 15. Ne4 Nxe4 16. Bxe4 Bxe4 17. Qxe4 exd4 18. Qb7 dxe3 19. Bxg7 exf2+ 20. Kxf2 Kxg7 21. Qxa6 Nc5 22. Qxb5 Qe7 23. Re1 Ne4+ 24. Kf1 Qa7 25. Qe2 Ng3+ 26. hxg3 Rxe2 27. Kxe2 Qxa2+ 28. Nd2 Re8+ 29. Kd1 Rxe1+ 30. Kxe1 d5 31. b4 Qa3 32. Rb1 Qxg3+ 33. Kf1 Qe3 34. Rd1 Qf4+ 0-1

[Event "Caracas FVA 80th Ann"]
[Site "Caracas"]
[Date "2015.12.20"]
[Round "8"]
[White "Ledezma Villamizar, Gabriel Enrique"]
[Black "Jaimes Gonzalez, Ludin Esteban"]
[Result "0-1"]
[WhiteElo "1785"]
[BlackElo "2046"]
[PlyCount "84"]
[EventDate "2015.12.16"]
[EventType "swiss"]
[EventRounds "8"]
[EventCountry "VEN"]
[SourceTitle "EXT 2018"]
[Source "ChessBase"]
[SourceDate "2017.10.13"]
[SourceVersion "1"]
[SourceVersionDate "2017.10.13"]
[SourceQuality "1"]

1. e4 c5 2. Nf3 a6 3. d4 cxd4 4. Nxd4 Nf6 5. Nc3 d6 6. Be3 e5 7. Nb3 Be6 8. Qd2 Nbd7 9. 0-0-0 Be7 10. f3 h5 11. h3 Rc8 12. Kb1 Qc7 13. Be2 b5 14. g4 b4 15. Nd5 Nxd5 16. exd5 Bxd5 17. Qxd5 Qxc2+ 18. Ka1 Qxe2 19. Rhe1 Qb5 20. Qxb5 axb5 21. Rd5 hxg4 22. hxg4 Rh3 23. Rxb5 Rxf3 24. Rxb4 Bh4 25. Rc1 Ra8 26. Bd2 Ke7 27. Kb1 Ra7 28. Rh1 g5 29. Be1 Bxe1 30. Rxe1 Rf4 31. Rxf4 gxf4 32. Nd4 Ra6 33. a3 Kf6 34. Nf3 d5 35. Rh1 Ke7 36. g5 e4 37. Nd4 Ne5 38. Nf5+ Kd7 39. Rh6 Ng6 40. Rh7 Ke6 41. Ng7+ Ke5 42. Nh5 Ra7 0-1

[Event "Estadal Maxima"]
[Site "Maracaibo"]
[Date "2002.11.01"]
[Round "1"]
[White "Jaimes Gonzalez, Ludin Esteban"]
[Black "Morales, David"]
[Result "1-0"]
[WhiteElo "1934"]
[BlackElo "1436"]
[PlyCount "81"]
[EventDate "2002.11.01"]
[EventType "swiss"]
[EventRounds "6"]
[EventCountry "VEN"]
[EventCategory "1"]
[SourceTitle "CBM 091 Extra"]
[Source "ChessBase"]
[SourceDate "2003.01.09"]
[SourceVersion "1"]
[SourceVersionDate "2003.01.09"]
[SourceQuality "1"]

1. e4 c6 2. d4 d5 3. Nc3 dxe4 4. Nxe4 Bf5 5. Ng3 Bg6 6. h4 h6 7. Nh3 Nf6 8. Nf4 Bh7 9. Bc4 e6 10. Bxe6 fxe6 11. Nxe6 Qe7 12. 0-0 Qxe6 13. Re1 Qxe1+ 14. Qxe1+ Kd7 15. Bf4 Na6 16. c4 Re8 17. Be5 Bd6 18. Rd1 Bc2 19. Rc1 Bh7 20. Qd2 Bb4 21. Qd1 Bd6 22. a3 Rhf8 23. b4 Kc7 24. b5 Nb8 25. f4 Rd8 26. Qa4 a6 27. d5 c5 28. bxa6 Nxa6 29. Qa5+ Kc8 30. Qb6 Bxe5 31. fxe5 Nd7 32. Qb2 Rfe8 33. Re1 Re7 34. Nh5 g5 35. d6 Re6 36. Ng7 Rg6 37. e6 Nf6 38. d7+ Nxd7 39. e7 Rb6 40. exd8Q+ Kxd8 41. Ne6+ 1-0